Normal view MARC view
  • Carrizales Retamoza, César

Entry Nombre Personal

Number of records used in: 12

001 - NUMERO DE CONTROL

  • campo de control: 37648

003 - IDENTIFICADOR DE NUMERO DE CONTROL

  • campo de control: DLC

005 - FECHA Y HORA DE LA ÜLTIMA TRANSACCIÓN

  • campo de control: 20240219085429.0

008 - DATOS DE LONGITUD FIJA

  • campo de control de longitud fija: 880722n| acannaabn || aaa

010 ## - NÚMERO DE CONTROL DE LA BIBLIOTECA DEL CONGRESO

  • Número de control LC: n 88072369

035 ## - NUMERO DE CONTROL

  • Número de control: (OCoLC)oca02325537

040 ## - FUENTE DE CATALOGACIÓN

  • Agencia original de catalogación: DLC
  • Lenguaje de catalogación: spa
  • Agencia de transcripción: DLC
  • Agencia que lo modifica: OCoLC
  • Agencia que lo modifica: MX-MxUPN

100 1# - ENCABEZAMIENTO - NOMBRE PERSONAL

  • Nombre personal: Carrizales Retamoza, César

670 ## - FUENTE EN LA QUE SE LOCALIZARON DATOS

  • Cita de la fuente: Políticas de inves. educ. y formación ... 1987:
  • Información localizada: portada (César Carrizales Retamoza)

670 ## - FUENTE EN LA QUE SE LOCALIZARON DATOS

  • Cita de la fuente: La experiencia docente: hacia la desalienación de la práctica docente, 1986:
  • Información localizada: portada (César Carrizales Retamoza)

902 ## - CATALOGADOR

  • Catalogador: Víctor Ruiz/190224